000 00602nam a22002177a 4500
003 OSt
005 20140310182826.0
008 130528t xxu||||| |||| 00| 0 eng d
020 _a9812448462
050 _aPE 1408
_b.C319 2004
082 _aM 428.24
_bC23 2004
245 _aPrentice Hall Writing and Grammar
_bCommunication in Action
_cCarroll, Joyce Armstrong
260 _aSingapore
_bPearson Prentice Hall
_cc2004
300 _a692 p.
_bill.
_c21.5 cm
521 _aCollege students
526 _c1210L-1700L
541 _j1
541 _j2
562 _e2
942 _2lcc
_cBK
_kM
999 _c16496
_d16496